000 00445nam a2200145Ia 4500
008 100204s9999 xx 000 0 und d
082 _b19256
100 _aपवार रमेश
245 _aआवाज कुणाचा
260 _b"अर्चना प्रकाशन, मुंबई"
_c1996
300 _a132
630 _aआवाज कुणाचा
730 _aआवाज कुणाचा
942 _cBOOK
999 _c463678
_d463675